00527nam a22001817a 4500003000900000005001700009008003300026020001500059040002200074082002100096100002000117245006400137260003000201300002600231490003200257700002400289830003200313DO-SdBNP20180209104646.0161108b 1990 cl a| 00| 0 spa d a9580412731 aBPMSUbspacBPMSU 4axxxxxxxbxxxxxxx1 aViza, Monserrat13aEl anochecer /cMonserrat Viza ; ilustración Irene Bordoy aColombia :bNorma,c1990. a30 p. :bil.,c21 cm.1 aLas cuatro partes del día1 aBordoy, Irene,eil. 0aLas cuatro partes del día